The Wide Wizarding World Quiz Stats

 Plays Quiz Updated Feb 24, 2018

Score 0/20 Timer 05:00
15 Plays Today
% Correct
Hagrid's Hut
93.9%
Black Lake
92.7%
Chamber of Secrets
92.7%
Herbology
92%
Quidditch Pitch
91.6%
Hospital Wing
90.8%
Forbidden Forest
90.1%
Library
89%
Great Hall
87.4%
Astronomy
87.2%
% Correct
Charms
87.1%
Gryffindor Common Room
86.4%
Harry's Dorm
86.3%
Potions
85.6%
Headmaster's Office
82%
Divination
81.5%
Entrance Hall
80.9%
Slytherin Common Room
80.1%
Come and Go Room
79.2%
Transfiguration
78.5%

You're not logged in!

Compare scores with friends on all Sporcle quizzes.
OR
Log In

You Might Also Like...

Show Comments

Extras

Top Quizzes Today


Score Distribution

Your Account Isn't Verified!

In order to create a playlist on Sporcle, you need to verify the email address you used during registration. Go to your Sporcle Settings to finish the process.

Report this User

Report this user for behavior that violates our Community Guidelines.

Details: